| 000 | 01436nam a22002777a 4500 | ||
|---|---|---|---|
| 005 | 20110624110859.0 | ||
| 010 | _aB-430919 B-477249 | ||
| 020 |
_a9780195683776 _c550.00 |
||
| 035 | _aB-430919 B-477249 | ||
| 037 | _bOxford University Press | ||
| 037 | _bAllied Pub/Ven | ||
| 037 | _bK.K.Pub/Ven | ||
| 082 | _a954.085 | ||
| 100 |
_aRavinder Kaur _950951 |
||
| 245 |
_aSince 1947: _cby Ravinder Kaur _bpartition narratives among punjabi migrants of Delhi / |
||
| 260 |
_aNew Delhi _bOxford University Press _c2008 |
||
| 270 |
_aYMCA Library Building, Jai Singh Road _bNew Delhi _e110001 |
||
| 300 |
_a277p. _c24cm(Hb) |
||
| 500 | _aIncludes bibliographical references and index | ||
| 942 |
_2ddc _cEN _mRAV _h954.085 |
||
| 999 |
_c53135 _d53135 |
||